000 00578nam a2200181Ia 4500
005 20250923144733.0
008 008 250917s9999 xx 000 0 eng d
037 _aTextual
040 _aDSWL
_beng
_cDSWL
041 _aeng
_2eng
084 _aYX;5-B-26:8, N56
_qDSWL
100 _aWeiss, David
_9827887
245 0 _aPrinciples in the administration of social agencies
_cby David Weiss
260 _a Mcgill
_bMcgill University , School of Social Work
_c1956
300 _a175p.
942 _cTEXL
_hYX;5-B-26:8, N56
999 _c1442698
_d1442698